000 00372 a2200157 4500
001 150050
040 _cEscola São Tomás de Aquino
100 _aLAURABEATRIZ
240 1 0 _aFora da gaiola e outras poesias
_lpor
245 1 0 _aFora da gaiola e outras poesias
300 _a30
362 0 _a2003
440 1 _aCompanhia da Letrinhas
697 _aPoesia
942 _cBK
999 _c150050
_d150050